Most Viewed Kpop Groups On Youtube - Statistics

General Stats
  • This quiz has been taken 444 times
  • The average score is 13 of 20
Answer Stats
# Hint Answer % Correct
1 No More Dream / Make It Right BTS
99%
4 Yes or Yes / Candy Pop TWICE
94%
5 Wolf / Obsession EXO
89%
3 Don't Know What To Do / Kick It BLACKPINK
88%
12 Replay / Good Evening SHINEE
75%
19 Senorita / Hann (Alone) (G)I-DLE
74%
10 Sunny Side Up / Really Bad Boy RED VELVET
72%
2 Lollipop / Haru Haru BIGBANG
70%
15 We Go Up / Baby Don't Stop NCT
70%
6 Catch Me If You Can / Lion Heart GIRLS' GENERATION
68%
11 Home / Fear SEVENTEEN
65%
7 If You Do / Fly GOT7
63%
9 Mamacita / 2YA2YAO SUPER JUNIOR
57%
18 Why So Lonely / Tell Me WONDER GIRLS
57%
8 Gotta Be You / Goodbye 2NE1
51%
20 I'm So Hot / Thumbs Up MOMOLAND
48%
13 Dive / I'm OK iKON
40%
16 Shake It / So Cool SISTAR
38%
14 Hate / What's Your Name 4MINUTE
35%
17 Everyday / Remember WINNER
27%
No matching quizzes found
Score Distribution
Percent of People with Each Score
Percentile by Number Answered
Your Score History
You have not taken this quiz